Dceřina kletba /
Starý zločin si žádá nové oběti. Třetí z řady krimithrillerů české autorky, nesoucích názvy Erbenových balad.
Uloženo v:
| Série: | Tomáš Vyskočil a Honza Richter,
část 3 |
|---|---|
| Hlavní autor: | |
| Médium: | E-kniha |
| Jazyk: | Czech |
| Vydáno: |
V Praze :
Motto,
2024
|
| Vydání: | 1. vydání |
| Témata: | |
| Příbuzné jednotky: | Z cyklu::
Tomáš Vyskočil a Honza Richter |
| Tagy: |
Žádné tagy |
| LEADER | 02287nam a2200409 i 4500 | ||
|---|---|---|---|
| 001 | 312271 | ||
| 003 | CZ PrSKC | ||
| 005 | 20260601215720.0 | ||
| 007 | ta | ||
| 008 | 240202s2024 xr g 000 f cze | ||
| 015 | |a cnb003586000 | ||
| 020 | |a 9788026726029 |q (vázáno) : |c Kč 399,00 | ||
| 035 | |a (OCoLC)1429250364 | ||
| 040 | |a ABG001 |b cze |e rda | ||
| 072 | 7 | |a 821.162.3-3 |x Česká próza |2 Konspekt | |
| 080 | |a 821.162.3-31 |2 MRF | ||
| 080 | |a (0:82-312.4) |2 MRF | ||
| 100 | 1 | |a Bartošová, Tereza, |d 1985- |7 xx0282310 |4 aut | |
| 245 | 1 | 0 | |a Dceřina kletba / |c Tereza Bartošová |
| 250 | |a 1. vydání | ||
| 264 | 1 | |a V Praze : |b Motto, |c 2024 | |
| 300 | |a 310 stran ; |c 21 cm | ||
| 336 | |a text |b txt |2 rdacontent | ||
| 337 | |a bez média |b n |2 rdamedia | ||
| 338 | |a svazek |b nc |2 rdacarrier | ||
| 520 | 2 | |a Starý zločin si žádá nové oběti. Třetí z řady krimithrillerů české autorky, nesoucích názvy Erbenových balad. |b Poručík Tomáš Vyskočil má velký problém. Je blonďatý, rafinovaný a odhodlaný pořádně mu zavařit. Zatímco se Tomášovo manželství ocitá v ohrožení, je uprostřed Příbrami nalezen těžce podchlazený opilec, který po pár hodinách v nemocnici umírá. Taková smrt by kriminálku mohla nechat v klidu, kdyby se ovšem dotyčný nedávno nezmínil, že mu někdo usiluje o život. A tak se Tomáš s kolegou Honzou Richterem pouštějí do vyšetřování zločinu, po jehož vyřešení nikdo netouží. Nakladatelská anotace. | |
| 655 | 7 | |a české romány |7 fd133974 |2 czenas | |
| 655 | 7 | |a detektivní romány |7 fd132010 |2 czenas | |
| 655 | 9 | |a Czech fiction |2 eczenas | |
| 655 | 9 | |a detective novels |2 eczenas | |
| 787 | 0 | 8 | |i Z cyklu: |t Tomáš Vyskočil a Honza Richter |g 3 |
| 900 | |a ABA001 |b 21 | ||
| 928 | 9 | |a Albatros Media - Motto | |
| 044 | |a xr | ||
| 910 | |a RBIT002 | ||
| 998 | |d 395970 |a https://core.palmknihy.cz/api/books/395970/cover?s8frw7 |b https://core.palmknihy.cz/api/books/395970/cover/400?s8frw7 |c https://core.palmknihy.cz/api/books/395970/cover/50?s8frw7 |e 2033-12-31 |g 312 |i 9788026726029 |j https://core.palmknihy.cz/api/books/395970/preview.epub |k https://core.palmknihy.cz/api/books/395970/preview.pdf |l |q 49 |r 1 |s https://www.palmknihy.cz/kniha/395970 |t ebook |y 2024 |z 0 |v Kriminálka z Příbrami |w 3 | ||
| 999 | |d 312269 | ||